000 00772nam a2200205Ii 4500
003 JO-AjNU
008 230605s9999||||xx |||||||||||||| ||und||
017 _a1974/2178
040 _aJO-AjNU
_bara
_erda
_cJO-AjNU
041 _aara
050 1 4 _aLB1028.S4 1974
100 3 _aسكيجر، رودني مؤلف/وينبرج، كارل م. مشارك/النحجي، محمد لبيب مترجم/مرسي، محمد منير مترجم,
_eauthor
_940047
245 0 0 _aالبحث التربوي أصوله ومناهجه
264 3 1 _aالقاهرة:عالم الكتب،1974
300 _a252ص
336 _atext
_btxt
_2rdacontent
337 _aunmediated
_bn
_2rdamedia
338 _avolume
_bnc
_2rdacarrier
650 4 _aالتربية و التعليم- بحث
_940048
999 _aA16963
_c20531
_d20531